000
00481nam a2200145Ia 4500
008
100122s9999 xx 000 0 und d
082
_b
19620
_a
823
100
_a
भट रविंद्र
245
_a
सागरा प्राण तळमळला
260
_b
संजय प्रकाशन
_c
1973
300
_a
421
630
_a
सागरा प्राण तळमळला
730
_a
सागरा प्राण तळमळला
942
_c
BOOK
999
_c
408616
_d
408613